Christmas Carols - Statistics

General Stats
  • This quiz has been taken 309 times
    303 since last reset
  • The average score is 18 of 32
Answer Stats
Hint Answer % Correct
____ to the world, the Lord is come Joy
95%
O come, all ye _____, joyful and triumphant faithful
93%
O little town of _____ how still we see thee lie Bethlehem
92%
Away in a _____ no crib for a bed manger
90%
God rest ye ____, gentlemen merry
86%
And a ______ in a pear tree partridge
86%
Hark! the _____ _____ sing herald angels
85%
Deck the halls with _____ __ _____ boughs of holly
78%
Go, tell it on the ______, Over the hills and everywhere mountain
78%
Oh what fun it is to ride in a ___ ____ ___ ______ one horse open sleigh
78%
We three kings of _____ are Orient
77%
Jump in bed, cover up your head, cause ____ _____ comes tonight Santa Claus
74%
Holy infant so ______ and mild tender
73%
The first ___ the angels did say Noel
68%
____we have heard on high, sweetly singing o'er the plain Angels
67%
It came upon the ____ clear midnight
66%
O holy night, the stars are _______ ______ brightly shining
63%
While shepherds watched their ____ by night flocks
59%
Ding dong _______ on high Merrily
53%
What _____ is this, who laid to rest child
51%
From _____ above to earth I come heaven
49%
In the bleak _______ icy wind made moan midwinter
44%
Once in royal David's city stood a lowly ____ ____ cattle shed
32%
Angels from the _____ of glory wing your flight o'er all the earth realms
27%
Here we come a- _____ among the leaves so green wassailing
24%
Lo how a ____ e'er blooming Rose
20%
Jolly old Saint Nicholas lean your ____ ___ ____ ear this way
18%
Up on the housetop _____ ____ reindeer pause
16%
Oh the rising of the sun, and the _____ __ ___ ____ running of the deer
16%
Bring a ____, Jeanette, Isabella torch
14%
In a little _____ far across the sea stable
13%
As with gladness men of old, did the ____ ___ behold guiding star
7%
No matching quizzes found
Score Distribution
Percent of People with Each Score
Percentile by Number Answered
Your Score History
You have not taken this quiz since the last reset